000 00934nam a2200301 i 4500
003 DO-SdBNP
005 20240703141440.0
006 a||||gr|||| 00| 0
007 ta
008 110523e1983 sp aoc 000 e spa d
020 _a8472915425 (Obra completa)
020 _a8472915492
040 _aDO-SdBNP
_bspa
_cBNPHU
_erda
082 4 _aG791
_222
245 _aEl Greco.
264 4 _aMadrid, España :
_bEdiciones sarpe,
_c1983
300 _a29 páginas ;
_c29 cm.
336 _2rdacontent
_atexto
_btxt
337 _2rdamedia
_asin mediación
_bn
338 _2rdacarrier
_avolumen
_bnc
490 _aLos Genios de la Pintura Española ;
_v7
504 _aBibliografía: página (94).
590 _aInventariado 2024 / MF
600 4 _aEl Greco.
_b1541-1614
_d1541-1614
_xBiografía
_942075
650 4 _aHumanismo en el Arte
_938718
_ySiglo XVI
_zEspaña
650 4 _aPintura Española
_98801
_ySiglo XVI
942 _2ddc
_cLBS1
999 _c30034
_d30034